First look at rescue vehicles / (Record no. 7788)
[ view plain ]
| 000 -LEADER | |
|---|---|
| fixed length control field | 01016nam a22002777a 4500 |
| 001 - CONTROL NUMBER | |
| control field | 7788 |
| 003 - CONTROL NUMBER IDENTIFIER | |
| control field | FISKH |
| 005 - DATE AND TIME OF LATEST TRANSACTION | |
| control field | 20250806150418.0 |
| 008 - FIXED-LENGTH DATA ELEMENTS--GENERAL INFORMATION | |
| fixed length control field | 250806b cb ||||| |||| 00| 0 eng d |
| 020 ## - INTERNATIONAL STANDARD BOOK NUMBER | |
| International Standard Book Number | 9781607271062 |
| 040 ## - CATALOGING SOURCE | |
| Original cataloging agency | FISKH |
| Language of cataloging | eng |
| Transcribing agency | FISKH |
| Modifying agency | FISKH |
| 050 ## - LIBRARY OF CONGRESS CALL NUMBER | |
| Classification number | PZ7 |
| 082 ## - DEWEY DECIMAL CLASSIFICATION NUMBER | |
| Classification number | 629.225 |
| 100 ## - MAIN ENTRY--PERSONAL NAME | |
| Personal name | Galvin, Laura Gates |
| 245 ## - TITLE STATEMENT | |
| Title | First look at rescue vehicles / |
| Statement of responsibility, etc. | Written by Laura Gates Galvin : Illustrations by Susan Eaddy |
| 260 ## - PUBLICATION, DISTRIBUTION, ETC. | |
| Place of publication, distribution, etc. | Norwalk : |
| Name of publisher, distributor, etc. | Palm Publishing, LLC , |
| Date of publication, distribution, etc. | 2011. |
| 300 ## - PHYSICAL DESCRIPTION | |
| Extent | 16 pages : |
| Other physical details | color illustrations ; |
| Dimensions | 19 X 19 cm. |
| 490 ## - SERIES STATEMENT | |
| Series statement | Smithsonian First Look |
| 505 ## - FORMATTED CONTENTS NOTE | |
| Formatted contents note | E <br/> |
| 520 ## - SUMMARY, ETC. | |
| Summary, etc. | Do you see the flashing lights and hear the blaring sirens? Make way for the rescue vehicles. This clever book uses vibrant clay art and photography to illustrate the types of vehicles that help people every day.<br/> |
| 521 8# - TARGET AUDIENCE NOTE | |
| Target audience note | 200 <br/> |
| Source | Lexile estimate <br/> |
| 521 8# - TARGET AUDIENCE NOTE | |
| Target audience note | E <br/> |
| Source | Raz-Plus <br/> |
| 700 ## - ADDED ENTRY--PERSONAL NAME | |
| Personal name | Eaddy, Susan |
| Relator term | Illustrator |
| 942 ## - ADDED ENTRY ELEMENTS (KOHA) | |
| Source of classification or shelving scheme | Dewey Decimal Classification |
| Koha item type | Books |
| Suppress in OPAC | No |
| Withdrawn status | Lost status | Source of classification or shelving scheme | Damaged status | Not for loan | Collection | Home library | Current library | Shelving location | Date acquired | Total Checkouts | Full call number | Barcode | Date last seen | Date last checked out | Price effective from | Koha item type |
|---|---|---|---|---|---|---|---|---|---|---|---|---|---|---|---|---|
| Dewey Decimal Classification | Non-Fiction | Footprints International School Library Network Toul Tom Poung Campus | Footprints International School Library Network Toul Tom Poung Campus | TTP Primary Green Bookshelves | 08/06/2025 | 1 | GAL PZ7 629.225 | FISTK02553 | 10/02/2025 | 09/15/2025 | 08/06/2025 | Books |
